[Event "Titled Tuesday intern op 23rd Jan Late"]
[Site "Chess.com INT"]
[Date "2024.01.23"]
[Round "5"]
[White "Makridis, Dimitrios"]
[Black "Harsha, Bharathakoti"]
[Result "1-0"]
[WhiteElo "2328"]
[BlackElo "2565"]
[PlyCount "89"]
[EventDate "2024.01.23"]
[EventType "swiss (blitz)"]
[EventRounds "11"]
[EventCountry "USA"]
[SourceTitle "CB05_2024"]
[SourceDate "2024.01.31"]
[SourceVersion "1"]
[SourceVersionDate "2024.01.31"]
[SourceQuality "1"]

1. e4 c5 2. Nf3 e6 3. d4 cxd4 4. Nxd4 a6 5. Bd3 Bc5 6. Nb3 Ba7 7. 0-0 Ne7 8. Qe2 Nbc6 9. Be3 0-0 10. c4 Bxe3 11. Qxe3 d5 12. cxd5 exd5 13. exd5 Nxd5 14. Qg3 Qf6 15. Nc3 Nxc3 16. bxc3 Rd8 17. Rad1 Be6 18. Nc5 b6 19. Nxe6 Qxe6 20. Rfe1 Qf6 21. Be4 Rxd1 22. Rxd1 Re8 23. Qf3 Ne5 24. Qxf6 gxf6 25. f3 Rc8 26. Rd6 Rxc3 27. Rxb6 Ra3 28. Rxf6 Rxa2 29. h4 Kg7 30. Rb6 h6 31. Rb7 Rd2 32. Ra7 Rd6 33. Kf2 Ng6 34. h5 Nf4 35. g4 Ne6 36. Ke3 Nc5 37. Bb1 Rb6 38. Ba2 Ne6 39. f4 Rc6 40. Bd5 Rd6 41. Ke4 Rb6 42. Ke5 Rb5 43. f5 Rxd5+ 44. Kxd5 Nf4+ 45. Ke4 1-0

[Event "Wch U16"]
[Site "Montesilvano"]
[Date "2023.11.17"]
[Round "5"]
[White "Makridis, Dimitrios"]
[Black "Adury, Anant"]
[Result "1/2-1/2"]
[WhiteElo "2357"]
[BlackElo "2072"]
[PlyCount "78"]
[EventDate "2023.11.13"]
[EventType "swiss"]
[EventRounds "11"]
[EventCountry "ITA"]
[SourceTitle "CB48_2023"]
[SourceDate "2023.11.29"]
[SourceVersion "1"]
[SourceVersionDate "2023.11.29"]
[SourceQuality "1"]

1. e4 e6 2. d4 d5 3. Nc3 Nf6 4. e5 Nfd7 5. f4 c5 6. Nf3 Nc6 7. Be3 Rb8 8. Qd2 Qa5 9. Be2 b5 10. 0-0 b4 11. Nd1 cxd4 12. Nxd4 Nxd4 13. Bxd4 Bc5 14. Nf2 Bxd4 15. Qxd4 Qb6 16. Rfd1 a5 17. a3 bxa3 18. Qxb6 Rxb6 19. b3 Ba6 20. Bxa6 Rxa6 21. Rxa3 Ke7 22. Rda1 Rc6 23. Rc1 Rhc8 24. Rxa5 Rxc2 25. Rxc2 Rxc2 26. Kf1 g5 27. g3 gxf4 28. gxf4 Rc3 29. Ke2 Rxb3 30. Nd3 Rc3 31. Ra7 Rc4 32. Ke3 h5 33. h4 Rc8 34. f5 exf5 35. Nf4 Rc3+ 36. Kd2 Rc4 37. Nxh5 Kd8 38. Ng7 Rxh4 39. Nxf5 Rf4 1/2-1/2

[Event "Wch U16"]
[Site "Montesilvano"]
[Date "2023.11.16"]
[Round "4"]
[White "Wafa, Hamed"]
[Black "Makridis, Dimitrios"]
[Result "1-0"]
[WhiteElo "2177"]
[BlackElo "2357"]
[PlyCount "125"]
[EventDate "2023.11.13"]
[EventType "swiss"]
[EventRounds "11"]
[EventCountry "ITA"]
[SourceTitle "CB48_2023"]
[SourceDate "2023.11.29"]
[SourceVersion "1"]
[SourceVersionDate "2023.11.29"]
[SourceQuality "1"]

1. e4 c5 2. Nf3 d6 3. d4 cxd4 4. Nxd4 Nf6 5. Nc3 a6 6. h3 e5 7. Nf3 Qc7 8. Be2 Nbd7 9. a4 Be7 10. 0-0 0-0 11. Nh2 Nc5 12. Bf3 h6 13. Ng4 Bxg4 14. hxg4 Ne6 15. Nd5 Qd8 16. Be3 Nd7 17. a5 Bg5 18. Bxg5 Nxg5 19. Ne3 Nf6 20. Nf5 Ne8 21. Ra3 g6 22. Ne3 Nf6 23. Nc4 Rc8 24. Nxd6 Rc6 25. Rd3 Qxa5 26. b3 Qc7 27. Nc4 Ne6 28. g3 b5 29. Ne3 Nc5 30. Nd5 Nxd5 31. exd5 Rf6 32. Re3 Nd7 33. Qd2 Rc8 34. Rc1 Qc5 35. Kg2 g5 36. c4 Qd6 37. Be2 bxc4 38. bxc4 Nc5 39. Rb1 Re8 40. Bd3 Kg7 41. Bf5 Kf8 42. Rbe1 Kg7 43. Qe2 a5 44. Rxe5 Rxe5 45. Qxe5 Qxe5 46. Rxe5 Rd6 47. Re7 a4 48. Rc7 Na6 49. Rb7 a3 50. Bb1 Nc5 51. Rb5 Na4 52. Rb3 Nb2 53. Rc3 Rf6 54. f3 Rb6 55. Ba2 Na4 56. Rxa3 Rb2+ 57. Kg1 Nc5 58. Ra5 Nd3 59. d6 Ne1 60. Rd5 Nxf3+ 61. Kf1 Nd2+ 62. Ke1 Ne4 63. d7 1-0

[Event "Titled Tuesday intern op 19th Sep Late"]
[Site "Chess.com INT"]
[Date "2023.09.19"]
[Round "2"]
[White "Makridis, Dimitrios"]
[Black "Silva Lucena, Cristian"]
[Result "1-0"]
[WhiteElo "2354"]
[BlackElo "2335"]
[PlyCount "65"]
[EventDate "2023.09.19"]
[EventType "swiss (blitz)"]
[EventRounds "11"]
[EventCountry "USA"]
[SourceTitle "EXT 2024"]
[Source "ChessBase"]
[SourceDate "2023.10.10"]
[SourceVersion "1"]
[SourceVersionDate "2023.10.10"]
[SourceQuality "1"]

1. d4 Nf6 2. c4 g6 3. Nc3 Bg7 4. h4 d6 5. e4 c5 6. d5 e6 7. h5 exd5 8. h6 Bf8 9. exd5 Be7 10. Nf3 Bg4 11. Be2 Nbd7 12. Be3 a6 13. Nd2 Bxe2 14. Qxe2 0-0 15. g4 Ne5 16. g5 Nh5 17. f4 Ng3 18. Qg2 Nd3+ 19. Kd1 Nxh1 20. Qxh1 b5 21. Kc2 Nb4+ 22. Kc1 Re8 23. a3 Bf8 24. Qf3 Qe7 25. Bf2 bxc4 26. axb4 cxb4 27. Nce4 c3 28. bxc3 bxc3 29. Nf6+ Kh8 30. Qxc3 Rec8 31. Nc4 Rxc4 32. Qxc4 Qb7 33. Rb1 1-0

[Event "GRE-chT 50th"]
[Site "Nikaia"]
[Date "2023.08.30"]
[Round "7.9"]
[White "Chalkias, Michail Panagiotis"]
[Black "Makridis, Dimitrios"]
[Result "0-1"]
[WhiteElo "1600"]
[BlackElo "2356"]
[PlyCount "90"]
[EventDate "2023.08.25"]
[EventType "team"]
[EventRounds "9"]
[EventCountry "GRE"]
[SourceTitle "EXT 2024"]
[Source "ChessBase"]
[SourceDate "2023.10.10"]
[SourceVersion "1"]
[SourceVersionDate "2023.10.10"]
[SourceQuality "1"]
[WhiteTeam "Neapolis Sykeon"]
[BlackTeam "Evoiki ES"]
[WhiteTeamCountry "GRE"]
[BlackTeamCountry "GRE"]

1. d4 Nf6 2. c4 e6 3. Nf3 d5 4. g3 h6 5. Qc2 Nc6 6. a3 a5 7. Bg2 Bd6 8. 0-0 0-0 9. Rd1 Re8 10. Bf4 Bxf4 11. gxf4 Ne7 12. e3 b6 13. Nc3 Bb7 14. Ne5 Rf8 15. Qe2 Ne8 16. Kh1 f6 17. Nf3 Ba6 18. Nd2 Nd6 19. b3 Nef5 20. Rac1 c6 21. Qg4 Rf7 22. Na4 Bc8 23. Qg6 Bd7 24. c5 Nc8 25. cxb6 Nxb6 26. Nc5 Bc8 27. Bh3 Ne7 28. Qh5 g6 29. Rg1 Kh7 30. Qh4 Nf5 31. Qg4 Rg7 32. Nf3 Qe8 33. Qg2 Nd7 34. Bxf5 exf5 35. Nh4 Nxc5 36. Rxc5 Raa7 37. Rgc1 Bd7 38. Qf3 g5 39. Ng2 Qe7 40. fxg5 fxg5 41. Rxc6 Bxc6 42. Qxf5+ Rg6 43. Rxc6 Qe4 44. Qxe4 dxe4 45. Rc3 Rb6 0-1

[Event "Titled Tuesday intern op 22nd Aug Late"]
[Site "Chess.com INT"]
[Date "2023.08.22"]
[Round "3"]
[White "Seletsky, Grigory"]
[Black "Makridis, Dimitrios"]
[Result "0-1"]
[WhiteElo "2220"]
[BlackElo "2356"]
[PlyCount "94"]
[EventDate "2023.08.22"]
[EventType "swiss (blitz)"]
[EventRounds "11"]
[EventCountry "USA"]
[SourceTitle "EXT 2024"]
[Source "ChessBase"]
[SourceDate "2023.10.10"]
[SourceVersion "1"]
[SourceVersionDate "2023.10.10"]
[SourceQuality "1"]

1. b3 c5 2. e4 d6 3. Bb2 Nf6 4. Nc3 g6 5. Nd5 Bg7 6. Nxf6+ exf6 7. Bb5+ Nd7 8. Ne2 0-0 9. Bxd7 Bxd7 10. 0-0 Bc6 11. d3 d5 12. f3 Re8 13. c4 d4 14. Bc1 Qd7 15. Bd2 f5 16. a4 fxe4 17. fxe4 f5 18. exf5 gxf5 19. Ng3 Rf8 20. Qh5 Qe8 21. Qxe8 Raxe8 22. Rae1 Rxe1 23. Bxe1 f4 24. Nh5 Be5 25. Bd2 f3 26. g3 Rf5 27. Nf4 h5 28. h4 b6 29. Kf2 Kf7 30. Re1 Bd6 31. Nh3 Bd7 32. Bf4 Be7 33. Kxf3 Bc6+ 34. Kf2 Bd6 35. Ke2 Be7 36. Kd2 Bg2 37. Ng5+ Bxg5 38. Bxg5 Rf3 39. Ke2 Rxg3 40. Kf2 Rg4 41. Re7+ Kg6 42. Rxa7 Bh1 43. Rb7 Rg2+ 44. Kf1 Rb2 45. Rxb6+ Kf5 46. Rb5 Kg4 47. Rxc5 Bf3 0-1

[Event "World ol U16"]
[Site "Eindhoven"]
[Date "2023.08.14"]
[Round "2.7"]
[White "Makridis, Dimitrios"]
[Black "Pichon, Ewen"]
[Result "1-0"]
[WhiteElo "2356"]
[BlackElo "2231"]
[PlyCount "87"]
[EventDate "2023.08.13"]
[EventType "team-swiss"]
[EventRounds "9"]
[EventCountry "NED"]
[SourceTitle "CBM 215 Extra"]
[Source "ChessBase"]
[SourceDate "2023.09.30"]
[SourceVersion "1"]
[SourceVersionDate "2023.09.30"]
[SourceQuality "1"]
[WhiteTeam "Greece"]
[BlackTeam "France"]
[WhiteTeamCountry "GRE"]
[BlackTeamCountry "FRA"]

1. e4 c5 2. Nf3 e6 3. d4 cxd4 4. Nxd4 Nf6 5. Nc3 Nc6 6. a3 Be7 7. Nxc6 bxc6 8. e5 Nd5 9. Qg4 g6 10. Bd2 Qc7 11. Qg3 0-0 12. Ne4 f5 13. exf6 Qxg3 14. f7+ Rxf7 15. hxg3 a5 16. Ng5 Bxg5 17. Bxg5 Ba6 18. c4 Nb6 19. Rh4 d5 20. b3 a4 21. Be3 c5 22. Bxc5 Nd7 23. Be3 axb3 24. cxd5 b2 25. Rb1 exd5 26. Ra4 d4 27. Rxa6 Rxa6 28. Bxa6 Re7 29. Kd2 dxe3+ 30. fxe3 Nc5 31. Bc4+ Kg7 32. Rxb2 Ne4+ 33. Kd3 Nxg3 34. Bd5 Kf6 35. Rb7 Re5 36. e4 h6 37. a4 Nh5 38. Kd4 Re8 39. a5 Nf4 40. a6 Ne2+ 41. Kc5 Rc8+ 42. Kb6 Nc3 43. a7 Na4+ 44. Ka5 1-0

[Event "World ol U16"]
[Site "Eindhoven"]
[Date "2023.08.14"]
[Round "3.8"]
[White "Milikow, Elie"]
[Black "Makridis, Dimitrios"]
[Result "0-1"]
[WhiteElo "2424"]
[BlackElo "2356"]
[PlyCount "54"]
[EventDate "2023.08.13"]
[EventType "team-swiss"]
[EventRounds "9"]
[EventCountry "NED"]
[SourceTitle "CBM 215 Extra"]
[Source "ChessBase"]
[SourceDate "2023.09.30"]
[SourceVersion "1"]
[SourceVersionDate "2023.09.30"]
[SourceQuality "1"]
[WhiteTeam "Israel"]
[BlackTeam "Greece"]
[WhiteTeamCountry "ISR"]
[BlackTeamCountry "GRE"]

1. e4 c5 2. Nf3 d6 3. d4 cxd4 4. Nxd4 Nf6 5. Nc3 a6 6. f3 e5 7. Nb3 Be6 8. Be3 h5 9. Be2 Nbd7 10. Nd5 Bxd5 11. exd5 g6 12. 0-0 Bh6 13. Bxh6 Rxh6 14. Qd2 Rh8 15. Kh1 h4 16. Rfd1 Nh5 17. Qe3 Nf4 18. Bf1 Nf6 19. c4 N6h5 20. Rd2 Qg5 21. Re1 Ng3+ 22. Kg1 Nf5 23. Qc3 Nh3+ 24. Kh1 Ng3+ 25. hxg3 Nf2+ 26. Kg1 hxg3 27. Rxf2 Rh1+ 0-1

[Event "Titled Tuesday intern op 04th Jul Late"]
[Site "Chess.com INT"]
[Date "2023.07.04"]
[Round "4"]
[White "Rees, Ioan"]
[Black "Makridis, Dimitrios"]
[Result "1/2-1/2"]
[WhiteElo "2293"]
[BlackElo "2356"]
[PlyCount "84"]
[EventDate "2023.07.04"]
[EventType "swiss (blitz)"]
[EventRounds "11"]
[EventCountry "USA"]
[SourceTitle "EXT 2024"]
[Source "ChessBase"]
[SourceDate "2023.10.10"]
[SourceVersion "1"]
[SourceVersionDate "2023.10.10"]
[SourceQuality "1"]

1. d4 g6 2. c4 Bg7 3. Nc3 d6 4. e4 Nd7 5. h4 h5 6. Nf3 e5 7. d5 Nh6 8. Bd3 Ng4 9. Qc2 Nc5 10. b4 Nxd3+ 11. Qxd3 0-0 12. a4 f5 13. Bg5 Qe8 14. c5 fxe4 15. Nxe4 Bf5 16. 0-0 Bf6 17. Rfe1 Bxg5 18. Nfxg5 Nxf2 19. Nxf2 Bxd3 20. Nxd3 Qe7 21. Rac1 Rf5 22. Nf2 Raf8 23. Nfe4 Rf4 24. g3 Rg4 25. Rf1 Rxf1+ 26. Rxf1 Rxg5 27. hxg5 Kg7 28. Rf6 Qd7 29. cxd6 cxd6 30. Rxd6 Qg4 31. Nc5 Qxg3+ 32. Kf1 h4 33. Rd7+ Kg8 34. d6 h3 35. Rd8+ Kf7 36. Rd7+ Ke8 37. Re7+ Kf8 38. Ne6+ Kg8 39. Re8+ Kf7 40. Re7+ Kg8 41. Re8+ Kh7 42. Re7+ Kg8 1/2-1/2

[Event "Titled Tuesday intern op 20th Jun Late"]
[Site "Chess.com INT"]
[Date "2023.06.20"]
[Round "3"]
[White "Makridis, Dimitrios"]
[Black "Kollars, Dmitrij"]
[Result "0-1"]
[WhiteElo "2356"]
[BlackElo "2618"]
[PlyCount "48"]
[EventDate "2023.06.20"]
[EventType "swiss (blitz)"]
[EventRounds "11"]
[EventCountry "USA"]
[SourceTitle "EXT 2024"]
[Source "ChessBase"]
[SourceDate "2023.10.10"]
[SourceVersion "1"]
[SourceVersionDate "2023.10.10"]
[SourceQuality "1"]

1. e4 e5 2. Nf3 Nc6 3. d4 exd4 4. Nxd4 Nf6 5. Nxc6 bxc6 6. e5 Qe7 7. Qe2 Nd5 8. h4 Qe6 9. g3 a5 10. c4 Nb6 11. b3 Bb4+ 12. Bd2 0-0 13. Bh3 Qe7 14. 0-0 d6 15. Bg2 Bd7 16. Re1 Rfe8 17. f4 dxe5 18. fxe5 Rad8 19. a3 Bc5+ 20. Kh2 a4 21. bxa4 Be6 22. Be3 Bxc4 23. Qf2 Qxe5 24. Bxc5 Qxe1 0-1

[Event "Titled Tuesday intern op 20th Jun Late"]
[Site "Chess.com INT"]
[Date "2023.06.20"]
[Round "10"]
[White "Piesik, Piotr"]
[Black "Makridis, Dimitrios"]
[Result "1-0"]
[WhiteElo "2426"]
[BlackElo "2356"]
[PlyCount "91"]
[EventDate "2023.06.20"]
[EventType "swiss (blitz)"]
[EventRounds "11"]
[EventCountry "USA"]
[SourceTitle "EXT 2024"]
[Source "ChessBase"]
[SourceDate "2023.10.10"]
[SourceVersion "1"]
[SourceVersionDate "2023.10.10"]
[SourceQuality "1"]

1. Nf3 Nf6 2. g3 g6 3. Bg2 Bg7 4. 0-0 0-0 5. d4 d5 6. c4 dxc4 7. Na3 c5 8. dxc5 c3 9. bxc3 Ne4 10. Bb2 Nxc5 11. Nd4 Bd7 12. Rb1 Qc8 13. Nc4 Nc6 14. Ba3 Nxd4 15. cxd4 Na4 16. Rc1 Qd8 17. Bxb7 Rb8 18. Bg2 Bb5 19. e3 Nb6 20. Nxb6 Bxf1 21. Nd5 Bxg2 22. Nxe7+ Kh8 23. Kxg2 Re8 24. Nc6 Qd5+ 25. Qf3 Qxf3+ 26. Kxf3 Rb6 27. Nxa7 Ra6 28. Nb5 Ra5 29. Nd6 Rea8 30. Bb4 Ra4 31. a3 Kg8 32. Rc7 Bf8 33. Nxf7 Bxb4 34. Nh6+ Kh8 35. axb4 Rxb4 36. d5 Rb2 37. Rf7 Rd2 38. e4 Re8 39. Ng4 Rd3+ 40. Ne3 Kg8 41. Ra7 Rd4 42. Ng4 Rf8+ 43. Ke3 Rd1 44. e5 h5 45. Nf6+ Kh8 46. Rh7# 1-0

[Event "Titled Tuesday intern op 13th Jun Late"]
[Site "Chess.com INT"]
[Date "2023.06.13"]
[Round "8"]
[White "Makridis, Dimitrios"]
[Black "Diaz Rosas, Julio Cesar"]
[Result "1-0"]
[WhiteElo "2356"]
[BlackElo "2337"]
[PlyCount "99"]
[EventDate "2023.06.13"]
[EventType "swiss (blitz)"]
[EventRounds "11"]
[EventCountry "USA"]
[SourceTitle "EXT 2024"]
[Source "ChessBase"]
[SourceDate "2023.10.10"]
[SourceVersion "1"]
[SourceVersionDate "2023.10.10"]
[SourceQuality "1"]

1. e4 c5 2. Nc3 Nc6 3. Bb5 Nd4 4. Nf3 Nxb5 5. Nxb5 a6 6. Nc3 d6 7. d4 cxd4 8. Qxd4 e5 9. Qd3 Be7 10. h3 Be6 11. Be3 Rc8 12. 0-0 Bc4 13. Qd2 Bxf1 14. Rxf1 Nf6 15. Bg5 Rxc3 16. Qxc3 Nxe4 17. Bxe7 Nxc3 18. Bxd8 Ne2+ 19. Kh2 Kxd8 20. g3 Kd7 21. c3 e4 22. Nd2 f5 23. Re1 Nxg3 24. Kxg3 g5 25. f4 h6 26. h4 gxh4+ 27. Kxh4 Rg8 28. Kh3 Ke6 29. Nc4 Rg4 30. Rf1 b5 31. Ne3 Rg7 32. Kh2 Rb7 33. Rg1 b4 34. c4 b3 35. a3 Kf6 36. Nd5+ Kf7 37. Ne3 Kf6 38. Rd1 Ke6 39. Rd5 Rf7 40. Ra5 h5 41. Rxa6 Rc7 42. Rb6 h4 43. Rxb3 Rg7 44. Rb6 Rg3 45. Rxd6+ Kxd6 46. Nxf5+ Kc5 47. Nxg3 hxg3+ 48. Kxg3 Kd4 49. Kf2 Kd3 50. Ke1 1-0

[Event "Titled Tuesday intern op 13th Jun Late"]
[Site "Chess.com INT"]
[Date "2023.06.13"]
[Round "6"]
[White "Makridis, Dimitrios"]
[Black "Petersson, Kjell"]
[Result "1-0"]
[WhiteElo "2356"]
[BlackElo "2061"]
[PlyCount "58"]
[EventDate "2023.06.13"]
[EventType "swiss (blitz)"]
[EventRounds "11"]
[EventCountry "USA"]
[SourceTitle "EXT 2024"]
[Source "ChessBase"]
[SourceDate "2023.10.10"]
[SourceVersion "1"]
[SourceVersionDate "2023.10.10"]
[SourceQuality "1"]

1. d4 f5 2. e4 fxe4 3. f3 d5 4. fxe4 dxe4 5. Nc3 Nf6 6. Nge2 Bg4 7. h3 Bh5 8. g4 Bg6 9. Bg2 e6 10. Nf4 Bf7 11. g5 Nd5 12. 0-0 Bb4 13. Nxe4 0-0 14. c3 Bd6 15. Nxd6 cxd6 16. Nxd5 exd5 17. Bf4 Nc6 18. Qg4 Ne7 19. Rae1 Ng6 20. Bg3 Qc8 21. Qxc8 Raxc8 22. Rxf7 Rxf7 23. Bxd5 Rcf8 24. Bxd6 h6 25. Bxf8 Kxf8 26. Bxf7 Kxf7 27. gxh6 gxh6 28. Re4 Kf6 29. Kg2 Kf5 1-0

[Event "Titled Tuesday intern op 13th Jun Late"]
[Site "Chess.com INT"]
[Date "2023.06.13"]
[Round "10"]
[White "Makridis, Dimitrios"]
[Black "Prydun, Andriy"]
[Result "1-0"]
[WhiteElo "2356"]
[BlackElo "2134"]
[PlyCount "73"]
[EventDate "2023.06.13"]
[EventType "swiss (blitz)"]
[EventRounds "11"]
[EventCountry "USA"]
[SourceTitle "EXT 2024"]
[Source "ChessBase"]
[SourceDate "2023.10.10"]
[SourceVersion "1"]
[SourceVersionDate "2023.10.10"]
[SourceQuality "1"]

1. e4 c6 2. d4 d5 3. exd5 cxd5 4. Bd3 Nc6 5. c3 Qc7 6. h3 e5 7. dxe5 Nxe5 8. Nf3 Nf6 9. 0-0 Bd6 10. Nxe5 Bxe5 11. Bb5+ Bd7 12. Bxd7+ Nxd7 13. Qxd5 0-0 14. Nd2 Nf6 15. Qf3 Rfe8 16. Rd1 Rad8 17. Nf1 Rxd1 18. Qxd1 Qc6 19. Be3 Nd5 20. Qf3 Nxe3 21. Qxc6 bxc6 22. Nxe3 Bf4 23. Rd1 h5 24. Nc4 Re2 25. Kf1 Rc2 26. g3 Bh6 27. h4 g5 28. hxg5 Bxg5 29. Ke1 f5 30. Rd6 Kg7 31. Rxc6 f4 32. Ne5 Bf6 33. Rc7+ Kg8 34. gxf4 Bg7 35. Nd3 h4 36. Kd1 h3 37. Rc5 1-0